Сравнение характеристик ВУТ в зависимости от времени помола и способа обработки; Энергетика: эффективность, надежность, безопасность; Т. 1

Bibliografske podrobnosti
Parent link:Энергетика: эффективность, надежность, безопасность: материалы XXI Всероссийской научно-технической конференции, 2-4 декабря 2015 г., Томск/ Национальный исследовательский Томский политехнический университет (ТПУ) [и др.] ; ред. кол. В. В. Литвак [и др.].— , 2015
Т. 1.— 2015.— [С. 313-317]
Glavni avtor: Зенков А. В. Андрей Викторович
Korporativna značnica: Национальный исследовательский Томский политехнический университет (ТПУ) Энергетический институт (ЭНИН) Кафедра атомных и тепловых электростанций (АТЭС)
Drugi avtorji: Ларионов К. Б. Кирилл Борисович, Толокольников А. А. Антон Андреевич
Izvleček:Заглавие с титульного экрана
Jezik:ruščina
Izdano: 2015
Serija:Эффективность теплоэнергетических установок и систем
Teme:
Online dostop:http://earchive.tpu.ru/handle/11683/14788
http://www.lib.tpu.ru/fulltext/c/2015/C15/V1/122.pdf
Format: MixedMaterials Elektronski Book Chapter
KOHA link:https://koha.lib.tpu.ru/cgi-bin/koha/opac-detail.pl?biblionumber=616567

MARC

LEADER 00000naa2a2200000 4500
001 616567
005 20231101132921.0
035 |a (RuTPU)RU\TPU\conf\14818 
090 |a 616567 
100 |a 20160112d2015 k y0rusy50 ca 
101 0 |a rus 
102 |a RU 
105 |a y z 101zy 
135 |a drcn ---uucaa 
181 0 |a i  
182 0 |a b 
200 1 |a Сравнение характеристик ВУТ в зависимости от времени помола и способа обработки  |f А. В. Зенков, К. Б. Ларионов, А. А. Толокольников 
203 |a Текст  |c электронный 
225 1 |a Эффективность теплоэнергетических установок и систем 
230 |a 1 компьютерный файл (pdf; 556 Kb) 
300 |a Заглавие с титульного экрана 
320 |a [Библиогр.: с. 316-317 (4 назв.)] 
337 |a Adobe Reader 
461 1 |0 (RuTPU)RU\TPU\conf\14426  |t Энергетика: эффективность, надежность, безопасность  |o материалы XXI Всероссийской научно-технической конференции, 2-4 декабря 2015 г., Томск  |o в 2 т.  |f Национальный исследовательский Томский политехнический университет (ТПУ) [и др.] ; ред. кол. В. В. Литвак [и др.]  |d 2015 
463 0 |0 (RuTPU)RU\TPU\conf\14432  |t Т. 1  |v [С. 313-317]  |d 2015 
610 1 |a труды учёных ТПУ 
610 1 |a электронный ресурс 
610 1 |a характеристики 
610 1 |a водоугольное топливо 
610 1 |a топливоподача 
610 1 |a энергоустановки 
700 1 |a Зенков  |b А. В.  |c инженер Томского политехнического университета, ассистент  |c специалист в области теплоэнергетики  |f 1992-  |g Андрей Викторович  |2 stltpush  |3 (RuTPU)RU\TPU\pers\37731 
701 1 |a Ларионов  |b К. Б.  |c специалист в области теплоэнергетики  |c техник Томского политехнического университета  |f 1990-  |g Кирилл Борисович  |2 stltpush  |3 (RuTPU)RU\TPU\pers\32948 
701 1 |a Толокольников  |b А. А.  |c специалист в области электроэнергетики  |c инженер Томского политехнического университета  |f 1994-  |g Антон Андреевич  |2 stltpush  |3 (RuTPU)RU\TPU\pers\47625 
712 0 2 |a Национальный исследовательский Томский политехнический университет (ТПУ)  |b Энергетический институт (ЭНИН)  |b Кафедра атомных и тепловых электростанций (АТЭС)  |h 118  |2 stltpush  |3 (RuTPU)RU\TPU\col\18683 
801 2 |a RU  |b 63413507  |c 20230628  |g RCR 
856 4 |u http://earchive.tpu.ru/handle/11683/14788 
856 4 |u http://www.lib.tpu.ru/fulltext/c/2015/C15/V1/122.pdf 
942 |c BK